| 000 | 00948nam a22002777a 4500 | ||
|---|---|---|---|
| 001 | 9348 | ||
| 003 | FISKH | ||
| 005 | 20251211141247.0 | ||
| 008 | 251211b cb ||||| |||| 00| 0 eng d | ||
| 020 | _a9781845070243 | ||
| 040 |
_aFISKH _beng _cFISKH _dFISKH |
||
| 050 | _aPZ7.M529 O | ||
| 082 | _a823.3 | ||
| 100 |
_aMennen, Ingrid _eAuthor |
||
| 245 |
_aOne round moon and a star for me / _cStory by Ingrid Mennen ; Illustrations by Niki Daly |
||
| 260 |
_aLondon : _bFrances Lincoln Children's Books , _c2004 |
||
| 300 |
_a30 unnumbered pages : _bcolor illustrations ; _c27 cm |
||
| 505 | _aJ | ||
| 520 | _aA young boy of rural Lesotho needs reassurance that his father is still his papa, too, when a new baby is born into the family. | ||
| 521 | 8 |
_a500
_bLexile estimate |
|
| 521 | 8 |
_aJ
_bRaz-Plus |
|
| 650 |
_aChildren's picture book _vSouth Africa |
||
| 700 |
_aDaly, Niki _eIllustrator |
||
| 942 |
_2ddc _cBK _n0 |
||
| 999 |
_c9348 _d9348 |
||